<?xml version="1.0" encoding="UTF-8"?>
<collection xmlns="http://www.loc.gov/MARC21/slim">
 <record>
  <leader>00404pamaa2200133   4500</leader>
  <controlfield tag="001">0000024635</controlfield>
  <controlfield tag="005">20070116090000.0</controlfield>
  <datafield tag="020" ind1="0" ind2="0">
   <subfield code="a">08884962199 </subfield>
  </datafield>
  <datafield tag="090" ind1="0" ind2="0">
   <subfield code="a">PS3562.E42 </subfield>
   <subfield code="b">LEG 1984</subfield>
  </datafield>
  <datafield tag="100" ind1="1" ind2="0">
   <subfield code="a">LEGUIN </subfield>
  </datafield>
  <datafield tag="245" ind1="1" ind2="0">
   <subfield code="a">The visionary : </subfield>
   <subfield code="b">the life of flicker of the serpentine  </subfield>
   <subfield code="c">Ursula K. LeGuin.</subfield>
  </datafield>
  <datafield tag="260" ind1="0" ind2="0">
   <subfield code="a">California: </subfield>
   <subfield code="b">Capra Press, </subfield>
   <subfield code="c">1984.</subfield>
  </datafield>
  <datafield tag="300" ind1=" " ind2=" ">
   <subfield code="a">various pages; </subfield>
   <subfield code="c">19cm.</subfield>
  </datafield>
  <datafield tag="650" ind1="0" ind2="0">
   <subfield code="a">American fiction -- </subfield>
   <subfield code="y">20th century </subfield>
  </datafield>
 </record>
</collection>
